Pri potoku hop! Ako živé striebro. Očami motýľa

Bibliographic Details
Main Author: Kenda, Milan, 1937- (Author)
Other Authors: Součková, Jitka (Illustrator)
Format: Article
Language:Slovak
Subjects:

MARC

LEADER 00000nab a2200000 a 4500
001 vtls000626235
003 SK-MaSNL
005 20260302185656.0
008 160314c1997 xo 0 slo
015 |a SNBRB19rr/mm-uuuuu 
035 |a CL0626374 
040 |a SNKBUCL  |b slo  |c SNKBUCL  |e AACR2 
041 0 |a slo 
044 |a xo  |c SK 
080 |a 885.4-1(087.5)  |2 1981 
100 1 |a Kenda, Milan,  |d 1937-  |4 aut  |9 13417 
245 1 0 |a Pri potoku hop! Ako živé striebro. Očami motýľa  |c Milan Kenda ; Ilustr. Jitka Součková 
650 0 7 |a rečňovanky  |2 snkbucl  |9 278360 
700 1 |a Součková, Jitka  |4 ill  |9 10911 
773 0 |t Super Ohník  |g Č. 10 (1996/1997), s. 7 
850 |a Slovenská národná knižnica v Martine  |a MTA001 
852 |a SNK  |b KIS3GCP 
958 |a LX 
958 |a SK 
958 |a RK 
958 |a RBX 
999 |c 1430521  |d 1432451